| 000 | nam a22 7a 4500 | ||
|---|---|---|---|
| 999 |
_c56556 _d56556 |
||
| 003 | OSt | ||
| 005 | 20230509060934.0 | ||
| 008 | 230509b xxu||||| |||| 00| 0 eng d | ||
| 040 | _cIIMTU , MEERUT | ||
| 100 | _aMEENA , SHARMA | ||
| 245 | _aAYURVEDIYA RASASASTRA | ||
| 250 | _a5 TH | ||
| 260 |
_aRAJESTHAN _bJAGDISH SANSKRIT _c2022 |
||
| 300 | _a518 | ||
| 942 |
_2ddc _c02 |
||